• 首页
  • 本馆介绍
  • 公告通知
  • 最新文献
  • 馆藏检索
  • 电子资源
  • 读者导购
  • 参考咨询
  • 我的图书馆
  • 登录
  • 详细信息显示
  • 放入我的书架
  • 预约/预借图书
  • 作者相关作品
  • 分类相关作品
  • 丛书相关作品
  • 出版社相关作品

书目信息

  • 表格格式
  • 工作单格式
  • 卡片格式
题名:
冷冲压模具设计
    
 
作者: 余建青 , 蔡宇红 主编
分册:  
出版信息: 峨嵋   西南交通大学出版社  2016.02
页数: 211页
开本: 26cm
丛书名:
单 册:
中图分类: TG385.2
科图分类:
主题词: 冷冲击 , 钣金工
电子资源:
ISBN: 978-7-5643-0365-5
000 00627nam0 2200205 450
001 960
005 20160912084312.29
010    @a978-7-5643-0365-5@b平装@dCNY24.00
100    @a20160725d2016 km y0chiy0120 ea
101 0  @achi
200 1  @a冷冲压模具设计@Aleng chong ya mo ju she ji@f余建青,蔡宇红主编@Fyu jian qing,cai yu hong zhu bian
210    @a峨嵋@c西南交通大学出版社@d2016.02
215    @a211页@d26cm
606 0  @a冷冲击
606 0  @a钣金工
690    @aTG385.2@v4
701  0 @a余建青@Ayu jian qing@4主编
701  0 @a蔡宇红@Acai yu hong@4主编
801  0 @aCN@b唐山师范学院图书馆@c20151002
905    @aZUCC@dTG385.2@e12
    
    冷冲压模具设计/余建青,蔡宇红主编.-峨嵋:西南交通大学出版社,2016.02
    211页;26cm
    
    
    ISBN 978-7-5643-0365-5(平装):CNY24.00
    
●
相关链接 在E读中查询图书 在五车中查询图书 在当当中查询图书 在豆瓣中查询图书


正题名:冷冲压模具设计     索取号:TG385.2/12         预约/预借

序号 登录号 条形码 馆藏地/架位号 状态 备注
1 904111   209041115   第二样本阅览室/ [索取号:TG385.2/12] 在馆    
2 904112   209041124   第三借阅区/ [索取号:TG385.2/12] 在馆    
3 904113   209041133   第三借阅区/ [索取号:TG385.2/12] 在馆    
唐山师范学院图书馆 欢迎您!
大连网信软件有限公司© 版权所有